Statistics for 15 most popular ncs songs with red circle (February 2024)

Click here to take the quiz!

General Stats

  • This quiz has been taken 7 times
  • The average score is 13 of 15

Answer Stats

Views/Artist/sAnswer% Correct
18mil/DesmeonBack From The Dead
100%
39mil/K-391Earth
100%
74mil/DesmeonHellcat
100%
267mil/Different Heaven & EH!DEMy Heart
100%
13mil/DesmeonUndone
100%
15mil/GeoxorYou & I
100%
6mil/ROY KNOXEarthquake
80%
5mil/Electro-Light & Nathan BrumleyFall For Gravity
80%
11mil/Krale & Jasmina Lin & Jay ChristopherFrontier
80%
4mil/WarptechLast Summer
80%
20mil/Wontolla & Kasger & LimitlessMiles Away
80%
5mil/MendumStay With Me
80%
9mil/PrismoStronger (Raiko Remix)
80%
9mil/Rob Gasser & Laura BrehmVertigo
80%
7mil/MendumOne Third
60%

Score Distribution

Percentile by Number Answered

Percent of People with Each Score

Your Score History

You have not taken this quiz